[Event "Budapest Rakosmente op 19th"]
[Site "Budapest"]
[Date "2021.07.03"]
[Round "3"]
[White "Toth, Timea2"]
[Black "Marcali, Tibor Zoltan"]
[Result "0-1"]
[WhiteElo "1168"]
[BlackElo "1666"]
[PlyCount "104"]
[EventDate "2021.07.01"]
[EventType "swiss"]
[EventRounds "6"]
[EventCountry "HUN"]
[SourceTitle "CBM 203 Extra"]
[Source "ChessBase"]
[SourceDate "2021.09.30"]
[SourceVersion "1"]
[SourceVersionDate "2021.09.30"]
[SourceQuality "1"]

1. e4 e6 2. d4 d5 3. Nc3 Nf6 4. e5 Nfd7 5. Nge2 c5 6. g3 cxd4 7. Qxd4 Nc6 8. Qe3 Ndxe5 9. f4 Nc4 10. Qf2 Nb4 11. Nd4 Bc5 12. Bxc4 dxc4 13. Be3 Bxd4 14. Rd1 Bxc3+ 15. bxc3 Nd5 16. Bc5 b6 17. Ba3 f6 18. f5 e5 19. Qf3 Kf7 20. Rxd5 Bb7 21. Rxd8 Bxf3 22. Rd7+ Kg8 23. 0-0 e4 24. Rf2 h6 25. Be7 h5 26. h3 Rh6 27. h4 g6 28. Bxf6 Rh7 29. Rd5 gxf5 30. Rxf5 Rf7 31. Rg5+ Kf8 32. Bd4 Re8 33. Re5 Rxe5 34. Bxe5 Rf5 35. Bf4 Ra5 36. Bd6+ Kf7 37. a3 Rd5 38. Bb8 a6 39. Ba7 b5 40. Bd4 Ke6 41. Kh2 a5 42. Kh3 b4 43. cxb4 Rxd4 44. c3 axb4 45. cxd4 b3 46. Rb2 Kd5 47. a4 Kxd4 48. Rd2+ Kc3 49. Rh2 b2 50. Rxb2 Kxb2 51. a5 e3 52. a6 e2 0-1